Spätná logistika ako naplnenie konceptu udržateľného rozvoja a súčasť vízie z kolísky do kolísky

Spätná (reverzná) logistika, je proces pohybu tovaru z finálneho miesta do iného bodu, pre účel získania inak nevyužiteľnej hodnoty alebo pre ďalšie vhodné nakladanie s produktom. Cradle to Cradle (C2C) Certification, bol prvý krát zverejnený Michaelom Braungart a Williamom McDonough ako certifikáci...

ver descrição completa

Na minha lista:
Detalhes bibliográficos
Autor principal: Fidlerová, Helena
Formato: Capítulo de Livro
Idioma:eslovaco
Assuntos:
Tags: Adicionar Tag
Sem tags, seja o primeiro a adicionar uma tag!

MARC

LEADER 00000nla a2200000 4500
001 0174607
005 20221020083952.6
041 0 |a slo 
044 |a CZ 
245 1 0 |a Spätná logistika ako naplnenie konceptu udržateľného rozvoja a súčasť vízie z kolísky do kolísky  |c Helena Fidlerová 
520 |a Spätná (reverzná) logistika, je proces pohybu tovaru z finálneho miesta do iného bodu, pre účel získania inak nevyužiteľnej hodnoty alebo pre ďalšie vhodné nakladanie s produktom. Cradle to Cradle (C2C) Certification, bol prvý krát zverejnený Michaelom Braungart a Williamom McDonough ako certifikácia určitých atribútov produktu prostredníctvom 5 parametrov. 
610 2 0 |a logistika reverzná 
610 2 0 |a logistika zelená 
610 2 0 |a logistika integrovaná 
610 2 0 |a preprava 
610 2 0 |a balenie 
610 2 0 |a odpad 
610 2 0 |a recyklácia odpadu 
100 1 |a Fidlerová, Helena